000 00877nam0a22002651 4500
001 rc\117129
005 20021216134833.0
010 _a5-09-001840-5
_970000
035 _a(NLR Aleph) 005375580
090 _a7045950
_c7045950
100 _a20021216d1991 u |0rusy50 ca
101 0 _arus
102 _aRU
105 _aa |||||||||
200 1 _aИз школьной физики - в теорию относительности
_eКн. для внеклас. чтения учащихся 9-11-х кл. сред. шк.
210 _aМ.
_cПросвещение
_d1991
215 _a222, [1] с.
_cил.
_d21
225 1 _aМир знаний
320 _aБиблиогр.: с. 219-220
700 1 _aЛомизе
_bЛ. Г.
_gЛев Григорьевич
801 0 _aRU
_bNLR
_gpsbo
801 1 _aRU
_bELAR
_2rusmarc
852 _aNLR
_j91-3/9413
942 _cBOOK
980 _aNB